000
00244nam a2200097Ia 4500
008
190216s9999||||xx |||||||||||||| ||und||
100
_a
Bernard&Amp;Joys
245
0
_a
Discovering The Universe
260
_b
The English Language Books
942
_c
BK
999
_c
15185
_d
15185